书目信息 |
| 题名: |
康乐服务与管理
|
|
| 作者: | 刘折 著 | |
| 分册: | ||
| 出版信息: | 北京 旅游教育出版社 2001 |
|
| 页数: | 266页 | |
| 开本: | 20cm | |
| 丛书名: | ||
| 单 册: | ||
| 中图分类: | F719.5 | |
| 科图分类: | ||
| 主题词: | 商业经济--国内 | |
| 电子资源: | ||
| ISBN: | 7-5637-1007-08 | |
| 000 | 00507nam0 2200181 450 | |
| 001 | 0736196517 | |
| 005 | 20070924100316.51 | |
| 010 | @a7-5637-1007-08@d¥14.80 | |
| 100 | @a20070924d km y0chiy0120 ea | |
| 101 | 0 | @achi |
| 200 | 1 | @a康乐服务与管理@Akang yue fu wu yu guan li@f刘折著@Fliu zhe zhu |
| 210 | @a北京@c旅游教育出版社@d2001 | |
| 215 | @a266页@d20cm | |
| 606 | 0 | @a商业经济@x国内 |
| 690 | @aF719.5@v3 | |
| 701 | 0 | @a刘折@Aliu zhe@4著 |
| 801 | 0 | @aCN@bPFT@c20070924 |
| 905 | @a213230@dF719.5@eZY22@f1 | |
| 康乐服务与管理/刘折著.-北京:旅游教育出版社,2001 |
| 266页;20cm |
| ISBN 7-5637-1007-08:¥14.80 |
| ● |
| 相关链接 |
|
|
|
|
正题名:康乐服务与管理
索取号:F719.5/ZY22
 
预约/预借
| 序号 | 登录号 | 条形码 | 馆藏地/架位号 | 状态 | 备注 |
| 1 | 7900002 | 279000028 | 密集书库-资源管理系/ [索取号:F719.5/ZY22] | 在馆 | |
| 2 | 7900102 | 279001027 | 密集书库-资源管理系/ [索取号:F719.5/ZY22] | 在馆 |